00750nam a2200205 i 4500003000900000005001700009007000300026008004100029040003000070082001700100100004500117245010400162264005200266300004400318336002700362337003400389338002800423500006000451504003300511DO-SdBNP20250523102028.0ta250523b199- dr a|||| |||| 00| 0 spa d aDO-SdBNPbspacBNPHUerda 4axxxbxxx222 aCartagena, Elvis D.,d1965-eautor4aut.13aLa sabiduria es eterna :bbiografías y frases celebres de todos los tiempos /cElvis D. Cartagena 1aSanto Domingo :bEditor no identificado,c199?. a82 páginas :bilustraciones ;c21 cm. atextobtxt2rdacontent asin mediación bn2rdamedia avolumenbnc2rdacarrier aIncluye datos biográficos del autor en la página 80 aBibliografía : página 82